[Event "Tbilisi Prise of Meria op"]
[White "Chkhaidze, Nikoloz"]
[Black "Topuria, Revaz"]
[Site "Tbilisi"]
[Round "6"]
[Result "1-0"]
[Date "2002.02.22"]
[WhiteElo "2115"]
[BlackElo "2034"]
[PlyCount "57"]
[EventDate "2002.02.26"]
[EventType "swiss"]
[EventRounds "7"]
[EventCountry "GEO"]
[SourceTitle "EXT 2004"]
[Source "ChessBase"]
[SourceDate "2003.11.25"]
[SourceVersion "1"]
[SourceVersionDate "2003.11.25"]
[SourceQuality "1"]

1. e4 e6 2. d4 d5 3. Nc3 Nf6 4. Bg5 Bb4 5. e5 h6 6. Bd2 Bxc3 7. bxc3 Ne4 8. Bd3 0-0 9. Ne2 c5 10. Ng3 Nxd2 11. Qxd2 Nc6 12. 0-0 cxd4 13. cxd4 Nxd4 14. Rae1 Nc6 15. Re3 Bd7 16. Nh5 Qg5 17. Nf6+ gxf6 18. Rg3 Nxe5 19. Rxg5+ hxg5 20. f4 Nxd3 21. cxd3 g4 22. Qb2 Kg7 23. Qxb7 Rfd8 24. Rc1 a6 25. d4 Kg6 26. h3 gxh3 27. gxh3 Bb5 28. Kf2 Bc4 29. Rg1+ 1-0

[Event "Tbilisi Prise of Meria op"]
[White "Topuria, Revaz"]
[Black "Morchiashvili, Bachana"]
[Site "Tbilisi"]
[Round "1"]
[Result "0-1"]
[Date "2002.02.18"]
[WhiteElo "2034"]
[BlackElo "2183"]
[PlyCount "82"]
[EventDate "2002.02.26"]
[EventType "swiss"]
[EventRounds "7"]
[EventCountry "GEO"]
[SourceTitle "EXT 2004"]
[Source "ChessBase"]
[SourceDate "2003.11.25"]
[SourceVersion "1"]
[SourceVersionDate "2003.11.25"]
[SourceQuality "1"]

1. d4 Nf6 2. Nf3 g6 3. Bg5 Bg7 4. e3 0-0 5. Bd3 d6 6. 0-0 Nbd7 7. Nbd2 e5 8. c3 c6 9. Rc1 Re8 10. Ne4 Qc7 11. dxe5 dxe5 12. Nfd2 h6 13. Bh4 Nd5 14. c4 Nb4 15. Bb1 f5 16. a3 Na6 17. Nc3 g5 18. Bg3 f4 19. Qc2 Nf8 20. h4 fxg3 21. fxg3 Bg4 22. hxg5 hxg5 23. Nde4 Qe7 24. c5 Be6 25. Nd6 Nxc5 26. Nxe8 Rxe8 27. Rxf8+ Kxf8 28. Rf1+ Bf7 29. Qg6 Nd7 30. Ba2 Nf6 31. Bxf7 Qxf7 32. Qxg5 Kg8 33. Qh4 e4 34. g4 Qg6 35. Rf4 Nd5 36. Nxd5 cxd5 37. Rf5 d4 38. Rg5 Qd6 39. Qh5 Re5 40. Rf5 Rxf5 41. gxf5 Qh6 0-1